00783cam 22002411 4500001000800000005001700008008004100025035002100066906004500087010001700132035001800149040002700167050002200194100002700216245004100243260005300284300003900337500002900376600003400405985002100439991005100460099003000511876869419980421191825.0720331s1929 nyu 000 0 eng  9(DLC) 36014836 a7bcbccoclcrplduencipf19gy-gencatlg a 36014836  a(OCoLC)273865 aDLCcODaWUdAzTeSdDLC00aPS2386b.M8 1929a1 aMumford, Lewis,d1895-10aHerman Melvillec[by] Lewis Mumford. aNew York,bThe Literary Guild of America,c1929. avi, 377 p.bfront. (port.)c23 cm. a"Note on books": p. 369.10aMelville, Herman,d1819-1891. eOCLC REPLACEMENT bc-RareBookhPS2386i.M8 1929atCopy 1wOCLCREP amumford-herman-1072061308